Fotbalový král. Pépi jede do světa /
Další vyprávění o splněném fotbalovém snu jednoho kluka.
Uloženo v:
| Série: | Fotbalový král,
část 3 |
|---|---|
| Hlavní autor: | |
| Další autoři: | |
| Médium: | E-kniha |
| Jazyk: | Czech |
| Vydáno: |
V Praze :
Mladá fronta,
2023
|
| Vydání: | 1. vydání |
| Témata: | |
| Příbuzné jednotky: | Z cyklu::
Fotbalový král |
| Tagy: |
Žádné tagy |
| LEADER | 02362nam a2200457 i 4500 | ||
|---|---|---|---|
| 001 | 312029 | ||
| 003 | CZ PrSKC | ||
| 005 | 20260601215715.0 | ||
| 007 | ta | ||
| 008 | 230822s2023 xr a b 000 j cze | ||
| 015 | |a cnb003544736 | ||
| 020 | |a 9788020461698 |q (vázáno) : |c Kč 269,00 | ||
| 035 | |a (OCoLC)1402156036 | ||
| 040 | |a ABG001 |b cze |e rda | ||
| 072 | 7 | |a 821.162.3-3 |x Česká próza |2 Konspekt | |
| 072 | 7 | |a 821-93 |x Literatura pro děti a mládež (beletrie) |2 Konspekt | |
| 080 | |a 821.162.3-32 |2 MRF | ||
| 080 | |a 821-93 |2 MRF | ||
| 080 | |a (0:82-32) |2 MRF | ||
| 100 | 1 | |a Žáček, Jan, |d 1963- |7 xx0001354 |4 aut | |
| 245 | 1 | 0 | |a Fotbalový král. |p Pépi jede do světa / |c Jan Žáček ; ilustroval Pavel "pavlatoar" Kučera |
| 246 | 3 | 0 | |a Pépi jede do světa |
| 250 | |a 1. vydání | ||
| 264 | 1 | |a V Praze : |b Mladá fronta, |c 2023 | |
| 300 | |a 135 stran : |b ilustrace ; |c 22 cm | ||
| 336 | |a text |b txt |2 rdacontent | ||
| 337 | |a bez média |b n |2 rdamedia | ||
| 338 | |a svazek |b nc |2 rdacarrier | ||
| 520 | 2 | |a Další vyprávění o splněném fotbalovém snu jednoho kluka. |b Protože Sparta vyhrála soutěž v České republice, dostala jako odměnu účast na mezinárodním žákovském turnaji v Mnichově, který se uskuteční na slavném stadionu Bayernu Mnichov. Turnaj pro malé sparťany nezačne příliš oslnivě, ale horší je, když Pépiho s kamarádem Hassanem unesou. Kluci nemyslí na nebezpečí, jde jim jen o to, aby se dostali na semifinálový zápas. Nakladatelská anotace. Kráceno. | |
| 521 | 8 | |a Pro čtenáře od 7 let | |
| 655 | 7 | |a české příběhy |7 fd133973 |2 czenas | |
| 655 | 7 | |a publikace pro děti |7 fd133156 |2 czenas | |
| 655 | 9 | |a Czech stories |2 eczenas | |
| 655 | 9 | |a children's literature |2 eczenas | |
| 700 | 1 | |a Kučera, Pavel, |d 1984- |7 mzk2016933084 |4 ill | |
| 787 | 0 | 8 | |i Z cyklu: |t Fotbalový král |g 3 |
| 900 | |a ABA001 |b 21 | ||
| 044 | |a xr | ||
| 910 | |a RBIT002 | ||
| 998 | |d 381998 |a https://core.palmknihy.cz/api/books/381998/cover?si6u7n |b https://core.palmknihy.cz/api/books/381998/cover/400?si6u7n |c https://core.palmknihy.cz/api/books/381998/cover/50?si6u7n |e 2033-12-31 |g 136 |i 9788020461698 |j https://core.palmknihy.cz/api/books/381998/preview.epub |k https://core.palmknihy.cz/api/books/381998/preview.pdf |l |q 49 |r 1 |s https://www.palmknihy.cz/kniha/381998 |t ebook |y 2023 |z 0 |v Fotbalový král |w 3 | ||
| 999 | |d 312027 | ||